Herbivores animals A-Z - Statistics

General Stats
  • This quiz has been taken 30 times
    12 since last reset
  • The average score is 14 of 26
Answer Stats
Picture Hint Answer % Correct
B Bison
100%
C Cow
100%
D Donkey
100%
E Elephant
100%
G Giraffe
83%
I Impala
83%
A Addax
67%
H Hippopotamus
67%
L Lamb
67%
M Moose
50%
O Okapi
50%
Q Quokka
50%
R Rhinoceros
50%
S Sloth
50%
T Tapir
50%
Y Yak
50%
Z Zebra
50%
F Fallow deer
33%
K Klipspringer
33%
U Uakari
33%
V Vicuña
33%
W Wallaroo
33%
N Nilgai
17%
X Xerus
17%
J Javan rusa
0%
P Pudu
0%
No matching quizzes found
Score Distribution
Percent of People with Each Score
Percentile by Number Answered
Your Score History
You have not taken this quiz since the last reset